000 01031pam a2200301 a 4500
999 _c129939
_d129939
001 616099
003 ARRUPE
005 20191017102426.0
008 920812s1993 nyu 000 0 eng
010 _a 92029488
020 _a0826406122 (hardcover) :
_c17.95
040 _aDLC
_cDLC
_dDLC
041 1 _aeng
_hpor
043 _as-bl---
050 0 0 _aLA559.S29
_bF7413 1993
082 0 0 _a370/.981/61
_220
100 1 _aFreire, Paulo,
_d1921-1997.
_926953
240 1 0 _aEducação na cidade.
_lEnglish
245 1 0 _aPedagogy of the city /
_cPaulo Freire ; translated by Donaldo Macedo.
260 _aNew York :
_bContinuum,
_c1993.
300 _a168 p. ;
_c22 cm.
500 _aTranslation of: A educação na cidade.
650 0 _aEducation
_zBrazil
_zSão Paulo.
_948413
650 0 _aPopular education
_zBrazil
_zSão Paulo.
_948414
906 _a7
_bcbc
_corignew
_d1
_eocip
_f19
_gy-gencatlg
942 _2lcc
_cMONOGRAPH